| 000 | 00670nam a2200205Ia 4500 | ||
|---|---|---|---|
| 003 | IEPS | ||
| 005 | 20250703135319.0 | ||
| 008 | 250223s9999||||xx |||||||||||||| ||und|| | ||
| 020 | _a977388032X | ||
| 040 | _CIEPS | ||
| 041 | _aara | ||
| 082 | _a155.4 | ||
| 100 | _aعبد الكافي إسماعيل عبد الفتاح | ||
| 245 | 0 | _aموسوعة مصطلحات الطفولة : اجتماعية - اعلامية - تربوية - نفسية - طبية | |
| 245 | 0 | _bعربي - انجليزي | |
| 260 |
_aالاسكندرية _bمركز الاسكندرية للكتاب _c2005 |
||
| 300 |
_a383 ص. _c24 سم. |
||
| 653 | _aالطفولة | ||
| 942 | _cكتاب | ||
| 999 |
_c13378 _d13378 |
||